LEADER 00788naa a2200145 i 4500 001 000000300619 003 CaOOAMICUS 005 20180831172706.0 008 180831n xx u000 u und u 013 $a8315 040 $aSeMil$bita 100 1 $aZappa, Elena.$0(OLS)http://semarc/name/86320 245 13$aIl movimento liturgico nelle righe di una legislazione sinodale :$bni Liturgiche, 1989. (Bibliotheca «Ephemerides Liturgicae» «Subsi. 773 0 $tRitorno alla liturgia.$dRoma : CLV Edizioni Liturgiche, 1989.$kBibliotheca Ephemerides Liturgicae. Subsidia$kStudi di liturgia. Nuova serie$z88-85918-41-7$w()34768 996 $6245$aIl movimento liturgico nelle righe di una legislazione sinodale :$bni Liturgiche, 1989. (Bibliotheca «Ephemerides Liturgicae» «Subsi$9(OLS)http://semarc/title/376621 LEADER 00842nam a2200205 i 4500 001 000000194326 003 CaOOAMICUS 005 20101111000000.0 008 101111s1961 it u000 u ita u 013 $a172977 040 $aSeMil$bita 100 1 $aZanolini, Ida.$0(OLS)http://semarc/name/23832 245 10$aBakhita /$cIda Zanolini. 260 $aRoma :$bCasa Generalizia, Canossiane Figlie della Caritą,$cstampa 1961. 300 $a255 p., [6] p. di tav. :$bill. ;$c21 cm. 600 14$aBakhita, Giuseppina .$0(OLS)http://semarc/subject/7577 850 $aSeMil 852 $aSeMil$W1$xVenegono$y1$m3J III 34$j144900$B144900$CSeMilBibl$Z2$F156325 $81 996 $6245$aBakhita$9(OLS)http://semarc/title/280168 996 $6260$aRoma :$bCasa Generalizia, Canossiane Figlie della Caritą$9(OLS)http://semarc/publisher/36046